Countries with American military cemetery - Statistics

General Stats
  • This quiz has been taken 78 times
  • The average score is 7 of 10
Answer Stats
Number of cemeteries Answer % Correct
11 France
97%
2 Italy
91%
2 United Kingdom
90%
3 Belgium
78%
1 Netherlands
77%
1 Mexico
75%
1 Luxembourg
54%
2 Philippines
49%
1 Panama
26%
1 Tunisia
25%
No matching quizzes found
Score Distribution
Percent of People with Each Score
Percentile by Number Answered
Your Score History
You have not taken this quiz